000
00329nam a2200145Ia 4500
005
20251222152047.0
008
251222s9999||||xx |||||||||||||| ||spa||
020
_a
9290432829
082
_a
633.02/S68
100
_a
Sorensen, Marten
245
0
_a
Yam bean
250
_a
1ra.ed.
264
_b
Planeta de Agostini
942
_c
LIB
999
_c
26288
_d
26288